000 00247nam a2200109 a 4500
008 101209s2009|||| d
245 1 0 _aNovember ┤89
260 _bKalligram
_aBratislava
_c2009
020 _c9,90
041 _aslo
044 _axo
_cSK
999 _c15066
_d15066